书目信息 |
| 题名: |
交通运输工程领域博士研究生国际创新论坛会议论文集
|
|
| 作者: | ;同济大学 著 | |
| 分册: | ||
| 出版信息: | 北京 人民交通出版社 2005.01 |
|
| 页数: | 208页 | |
| 开本: | 26cm | |
| 丛书名: | ||
| 单 册: | ||
| 中图分类: | U-53 | |
| 科图分类: | ||
| 主题词: | 交通运输--jiao tong yun shu--运输工程--学术会议 | |
| 电子资源: | ||
| ISBN: | 7-114-05433-5 | |
| 000 | 01143nam0 2200241 450 | |
| 001 | 012007117000 | |
| 005 | 20071008100451.21 | |
| 010 | @a7-114-05433-5@dCNY45.00 | |
| 100 | @a20070726d2005 km y0chiy0120 ea | |
| 101 | 0 | @achi |
| 102 | @aCN@b110000 | |
| 105 | @aa a 000yy | |
| 200 | 1 | @a交通运输工程领域博士研究生国际创新论坛会议论文集@Ajiao tong yun shu gong cheng ling yu bo shi yan jiu sheng guo ji chuang xin lun tan hui yi lun wen ji@d= International lnnovation forum for doctoral students in transportation engineering 2005@f同济大学交通运输工程学院著@Ftong ji da xue jiao tong yun shu gong cheng xue yuan zhu@zeng |
| 210 | @a北京@c人民交通出版社@d2005.01 | |
| 215 | @a208页@c图@d26cm | |
| 320 | @a有书目。 | |
| 330 | @a本论文集收录了国内外交通工程领域的博士生论文21篇, 内容涵盖了道路、轨道和交通工程发展的最新动态和科研成果。 | |
| 510 | 1 | @aInternational lnnovation forum for doctoral students in transportation engineering 2005@zeng |
| 606 | 0 | @a交通运输@Ajiao tong yun shu@x运输工程@j学术会议 |
| 690 | @aU-53@v4 | |
| 711 | 02 | @a同济大学@Atong ji da xue@b交通运输工程学院@4著 |
| 801 | 0 | @aCN@c20071008 |
| 905 | @dU-53@eT821 | |
| 交通运输工程领域博士研究生国际创新论坛会议论文集= International lnnovation forum for doctoral students in transportation engineering 2005/同济大学交通运输工程学院著.-北京:人民交通出版社,2005.01 |
| 208页:图;26cm |
| ISBN 7-114-05433-5:CNY45.00 |
| 本论文集收录了国内外交通工程领域的博士生论文21篇, 内容涵盖了道路、轨道和交通工程发展的最新动态和科研成果。 |
| ● |
| 相关链接 |
|
|
|
正题名:交通运输工程领域博士研究生国际创新论坛会
索取号:U-53/T821
 
预约/预借
| 序号 | 登录号 | 条形码 | 馆藏地/架位号 | 状态 | 备注 |
| 1 | 250863 | 202508633 | 自科库501/501自科库 48排7列5层/ [索取号:U-53/T821] | 在馆 |